000 00415cam a2200181 4500
001 D14518
008 090401t1951 xxu||||| |||| 00| 0 eng d
035 _a(Sirsi) u16176
041 _aeng
100 _aWood, Reginald D
245 _aPrinciples of quantity surveying
250 _a2nd
260 _aLondon
_bEstates Gazette
_c1951
350 _a0
520 _aShelf 137
942 _n0
948 _c04/03/1997
999 _c87391
_d87391